Комбинированные методы вихретокового, магнитного и электропотенциального контроля: учебное пособие для вузов; Библиография неразрушающего контроля

Dades bibliogràfiques
Autor principal: Клюев С. В. Сергей Владимирович
Autor corporatiu: Российское общество по неразрушающему контролю и технической диагностике (РОНКТД)
Altres autors: Шкатов П. Н. Петр Николаевич (редактор), Клюев В. В.
Sumari:В первом разделе изложены основы вихретокового, магнитного и электропотенциального методов неразрушающего контроля (НК). Значительное внимание уделено комбинированию методов: обнаружения дефектов, измерения толщины и физико-механических свойств деталей, узлов и сварных соединений, методам обработки информации и регистрации результатов контроля. Рассмотрены типовые схемы построения преобразователей, приборов и систем автоматизированного контроля, их конструктивные особенности и технические характеристики. Книга может быть использована в качестве пособия для подготовки студентов и специалистов, обучающихся по направлениям 200100 «Приборостроение», 280100 «Безопасность и жизнедеятельность», 221400 «Управление качеством», а также по другим направлениям технической диагностики и контроля качества материалов, изделий и конструкций. Пособие рекомендуется для подготовки к аттестации специалистов 1 - 3 уровней НК по международной и европейской системам аттестации, а также в качестве базового материала для дистанционного обучения специалистов по НК. Во втором разделе, в качестве справочного материала, опубликована библиография неразрушающего контроля - отечественные и зарубежные издания.
Idioma:rus
Publicat: Москва, Спектр, 2011
Copublished:. Библиография неразрушающего контроля
Col·lecció:Диагностика безопасности
Matèries:
Format: Llibre
KOHA link:https://koha.lib.tpu.ru/cgi-bin/koha/opac-detail.pl?biblionumber=212541

MARC

LEADER 00000nam0a2200000 4500
001 212541
005 20231101225749.0
010 |a 9785904270797 
035 |a (RuTPU)RU\TPU\book\232197 
090 |a 212541 
100 |a 20120328d2011 m y0rusy50 ca 
101 0 |a rus 
102 |a RU 
105 |a a cj 001zy 
200 1 |a Комбинированные методы вихретокового, магнитного и электропотенциального контроля  |e учебное пособие для вузов  |f С. В. Клюев, П. Н. Шкатов  |g Российское общество по неразрушающему контролю и технической диагностике (РОНКТД) ; под ред. В. В. Клюева 
210 |a Москва  |c Спектр  |d 2011 
215 |a 190 с.  |c ил. 
225 1 |a Диагностика безопасности 
320 |a Библиогр.: с. 102. 
330 |a В первом разделе изложены основы вихретокового, магнитного и электропотенциального методов неразрушающего контроля (НК). Значительное внимание уделено комбинированию методов: обнаружения дефектов, измерения толщины и физико-механических свойств деталей, узлов и сварных соединений, методам обработки информации и регистрации результатов контроля. Рассмотрены типовые схемы построения преобразователей, приборов и систем автоматизированного контроля, их конструктивные особенности и технические характеристики. Книга может быть использована в качестве пособия для подготовки студентов и специалистов, обучающихся по направлениям 200100 «Приборостроение», 280100 «Безопасность и жизнедеятельность», 221400 «Управление качеством», а также по другим направлениям технической диагностики и контроля качества материалов, изделий и конструкций. Пособие рекомендуется для подготовки к аттестации специалистов 1 - 3 уровней НК по международной и европейской системам аттестации, а также в качестве базового материала для дистанционного обучения специалистов по НК. Во втором разделе, в качестве справочного материала, опубликована библиография неразрушающего контроля - отечественные и зарубежные издания. 
423 |t Библиография неразрушающего контроля 
606 1 |a Неразрушающий контроль  |2 stltpush  |3 (RuTPU)RU\TPU\subj\66931  |9 82903 
610 1 |a вихретокомагнитный метод 
610 1 |a вихретоковые методы 
610 1 |a магнитные методы 
610 1 |a электропотенциальные методы 
610 1 |a комбинированные методы 
610 1 |a физические основы 
610 1 |a математическое моделирование 
610 1 |a техническая диагностика 
610 1 |a учебные пособия 
610 1 |a библиография 
610 1 |a списки литературы 
675 |a 620.179.1(075.8)  |v 3 
700 1 |a Клюев  |b С. В.  |g Сергей Владимирович 
701 1 |a Шкатов  |b П. Н.  |g Петр Николаевич 
702 1 |a Клюев  |b В. В.  |4 340 
712 0 2 |a Российское общество по неразрушающему контролю и технической диагностике (РОНКТД)  |c (Москва)  |2 stltpush  |3 (RuTPU)RU\TPU\col\17335 
801 1 |a RU  |b 63413507  |c 20120328 
801 2 |a RU  |b 63413507  |c 20150528  |g RCR 
900 |a Методы и средства неразрушающего контроля 
900 |a Приборы и методы неразрушающего контроля материалов и изделий 
900 |a Неразрушающие методы контроля 
942 |c BK 
954 |b 221400 
959 |a 47/20120328  |d 2  |e 690,00  |f ЧЗТЛ:1  |f АНЛ:1 
959 |a 75/20130412  |d 3  |e 720,00  |f УФ:3